00596nam a2200205Ia 450000500170000000800410001702000150005808200130007310000170008624500630010326000400016630000200020665000150022665000100024165000110025165000120026294200060027495200950028099900150037520240918022514.0240331s9999 xx 000 0 und d a1577315332 bMURa658 a Murray A.F 0aParadigm found :bLeading and Managing for positive change aCaliforniabNew World Libraryc2006 axxx, 236 p .,  aLeadership aWomen aVision apassion cL 001040708LaWERCLbWERCLcSSCd2024-03-31l0o 658 MURp5725r2024-03-31w2024-03-31yL c1339d1339